000
00318nam a22001217a 4500
008
181023b xxu||||| |||| 00| 0 eng d
041
_a
eng
080
_2
9 ed
_a
510
100
_a
38
101
_a
MAT
245
_a
Mathematical Applications For Mangemetn Life And Social Sciences
_c
Reynolds.H
942
_2
udc
_c
BK
999
_c
50759
_d
50759